the planet Mars (Record no. 8654)

MARC details
000 -LEADER
fixed length control field 00810nam a2200217Ia 4500
003 - CONTROL NUMBER IDENTIFIER
control field IN-BaIIA
008 - FIXED-LENGTH DATA ELEMENTS--GENERAL INFORMATION
fixed length control field 211028s9999 xx 000 0 eng d
020 ## - INTERNATIONAL STANDARD BOOK NUMBER
International Standard Book Number 0379-6566
040 ## - CATALOGING SOURCE
Transcribing agency IIA Library
080 ## - UNIVERSAL DECIMAL CLASSIFICATION NUMBER
Universal Decimal Classification number 523.43(063)
Item number ESA
111 ## - MAIN ENTRY--MEETING NAME
Meeting name or jurisdiction name as entry element Workshop on the Planet Mars
Location of meeting  University of Leeds
Date of meeting or treaty signing 1982 Aug. 27
9 (RLIN) 14525
245 #4 - TITLE STATEMENT
Title the planet Mars
Remainder of title proceedings of a Workshop on the planet Mars, held in the University of Leeds, 27 August 1982
Statement of responsibility, etc. edited by B. Battrick and E. Rolfe
260 ## - PUBLICATION, DISTRIBUTION, ETC.
Place of publication, distribution, etc. France
Name of publisher, distributor, etc. European Space Agency
Date of publication, distribution, etc. 1982
300 ## - PHYSICAL DESCRIPTION
Extent v, 120p.
650 ## - SUBJECT ADDED ENTRY--TOPICAL TERM
Topical term or geographic name entry element Astronomy and Astrophysics thesaurus
650 ## - SUBJECT ADDED ENTRY--TOPICAL TERM
Topical term or geographic name entry element Planet Mars
9 (RLIN) 1263
650 ## - SUBJECT ADDED ENTRY--TOPICAL TERM
Topical term or geographic name entry element Planetary systems
9 (RLIN) 965
700 ## - ADDED ENTRY--PERSONAL NAME
Personal name Battrick, B., ed.
9 (RLIN) 11567
700 ## - ADDED ENTRY--PERSONAL NAME
Personal name Rolfe, E.
9 (RLIN) 14526
942 ## - ADDED ENTRY ELEMENTS (KOHA)
Koha item type Books
Holdings
Withdrawn status Lost status Damaged status Not for loan Home library Current library Shelving location Date acquired Total Checkouts Full call number Barcode Date last seen Price effective from Koha item type Purchase Price
        IIA Library-Bangalore IIA Library-Bangalore General Stacks 21/03/1986   523.43(063)/ ESA 9527 05/11/2021 21/03/1986 Books £ 6.50

Powered by Koha